[Event "Titled Tuesday intern op 28th Dec"]
[Site "Chess.com INT"]
[Date "2021.12.28"]
[Round "9"]
[White "Zhigalko, Sergei"]
[Black "Kollars, Dmitrij"]
[Result "0-1"]
[WhiteElo "2572"]
[BlackElo "2622"]
[PlyCount "78"]
[EventDate "2021.12.28"]
[EventType "swiss (blitz)"]
[EventRounds "11"]
[EventCountry "USA"]
[SourceTitle "CBM 206 Extra"]
[Source "ChessBase"]
[SourceDate "2022.03.31"]
[SourceVersion "1"]
[SourceVersionDate "2022.03.31"]
[SourceQuality "1"]

1. e4 e5 2. Nf3 Nc6 3. Bc4 Bc5 4. b4 Bxb4 5. c3 Ba5 6. d4 d6 7. Qb3 Qd7 8. O-O Bb6 9. Nbd2 Na5 10. Qc2 Nxc4 11. Nxc4 Ne7 12. a4 Qc6 13. Qe2 a6 14. d5 Qd7 15. Nxb6 cxb6 16. Nd2 Qc7 17. Nc4 Bd7 18. Ba3 Nc8 19. f4 b5 20. Ne3 exf4 21. Rxf4 O-O 22. Raf1 Ne7 23. e5 Ng6 24. Bxd6 Nxf4 25. Rxf4 Qxc3 26. h3 bxa4 27. Qf2 Rae8 28. e6 Bxe6 29. dxe6 Rxe6 30. Nf5 Qe1+ 31. Kh2 Qxf2 32. Rxf2 Rd8 33. Ba3 f6 34. Rc2 Rd7 35. Rc8+ Kf7 36. g4 Re8 37. Nd6+ Rxd6 38. Rxe8 Rd2+ 39. Kg3 Kxe8 0-1

[Event "Titled Tuesday intern op 28th Dec"]
[Site "Chess.com INT"]
[Date "2021.12.28"]
[Round "10"]
[White "Gaehwiler, Gabriel"]
[Black "Zhigalko, Sergei"]
[Result "0-1"]
[WhiteElo "2400"]
[BlackElo "2572"]
[PlyCount "94"]
[EventDate "2021.12.28"]
[EventType "swiss (blitz)"]
[EventRounds "11"]
[EventCountry "USA"]
[SourceTitle "CBM 206 Extra"]
[Source "ChessBase"]
[SourceDate "2022.03.31"]
[SourceVersion "1"]
[SourceVersionDate "2022.03.31"]
[SourceQuality "1"]

1. Nf3 d5 2. c4 d4 3. e3 Nc6 4. b4 dxe3 5. fxe3 Nxb4 6. d4 e5 7. Nxe5 Qh4+ 8. Kd2 Nf6 9. Nc3 Bd6 10. a3 Nc6 11. Nxc6 bxc6 12. c5 Be7 13. Bd3 O-O 14. Qf3 Rb8 15. Kc2 Be6 16. Bd2 Bb3+ 17. Kc1 Rfd8 18. g3 Qg4 19. Qxg4 Nxg4 20. Bc2 Bd5 21. Nxd5 cxd5 22. h3 Nf6 23. Ba5 Rb7 24. Rb1 Rxb1+ 25. Kxb1 Rb8+ 26. Ka2 Bd8 27. Bd3 c6 28. Bxd8 Rxd8 29. Rb1 g6 30. Re1 Rb8 31. Rb1 Rxb1 32. Kxb1 Kf8 33. Kc2 Nh5 34. g4 Ng7 35. Kb3 Ne6 36. Bf1 Ke7 37. Ka4 Kd7 38. Bg2 f5 39. gxf5 gxf5 40. Kb3 f4 41. exf4 Nxd4+ 42. Kb2 Ne6 43. f5 Nxc5 44. f6 Ke6 45. Kc3 Kxf6 46. Kd4 Ne6+ 47. Ke3 Ke5 0-1

[Event "Titled Tuesday intern op 28th Dec"]
[Site "Chess.com INT"]
[Date "2021.12.28"]
[Round "11"]
[White "Zhigalko, Sergei"]
[Black "Maly, Alexey"]
[Result "0-1"]
[WhiteElo "2572"]
[BlackElo "2368"]
[PlyCount "74"]
[EventDate "2021.12.28"]
[EventType "swiss (blitz)"]
[EventRounds "11"]
[EventCountry "USA"]
[SourceTitle "CBM 206 Extra"]
[Source "ChessBase"]
[SourceDate "2022.03.31"]
[SourceVersion "1"]
[SourceVersionDate "2022.03.31"]
[SourceQuality "1"]

1. e4 c6 2. d4 d5 3. e5 Bf5 4. Nf3 e6 5. Be2 Nd7 6. O-O h6 7. Nbd2 Ne7 8. a4 Bg6 9. a5 a6 10. c3 Nf5 11. b4 Be7 12. g4 Nh4 13. Nxh4 Bxh4 14. f4 f5 15. exf6 Nxf6 16. Nf3 Ne4 17. Bd3 O-O 18. Qc2 Be7 19. Nd2 Nxd2 20. Bxd2 Bxd3 21. Qxd3 Qd7 22. Rae1 Bh4 23. Re5 Rae8 24. g5 hxg5 25. fxg5 Rxf1+ 26. Qxf1 Rf8 27. Qh3 Qf7 28. Qxe6 Qxe6 29. Rxe6 Kf7 30. Re2 Kg6 31. Kg2 Rf7 32. Re6+ Kh5 33. Be3 Kg4 34. g6 Rf5 35. Re8 Rf6 36. Re5 Rf3 37. Re8 Rf6 0-1

[Event "Titled Tuesday intern op 04th Jan"]
[Site "Chess.com INT"]
[Date "2022.01.04"]
[Round "8"]
[White "Zhigalko, Sergei"]
[Black "Vovk, Orest"]
[Result "1-0"]
[WhiteElo "2572"]
[BlackElo "2315"]
[PlyCount "163"]
[EventDate "2022.01.04"]
[EventType "swiss (blitz)"]
[EventRounds "11"]
[EventCountry "USA"]
[SourceTitle "EXT 2023"]
[Source "ChessBase"]
[SourceDate "2022.10.05"]
[SourceVersion "1"]
[SourceVersionDate "2022.10.05"]
[SourceQuality "1"]

1. e4 g5 2. d4 h6 3. Nc3 Bg7 4. Nge2 c5 5. Be3 cxd4 6. Nxd4 Nc6 7. Bc4 d6 8. Bb3 Nxd4 9. Bxd4 Bxd4 10. Qxd4 Nf6 11. O-O-O Qb6 12. Qd3 Be6 13. Bxe6 fxe6 14. e5 dxe5 15. Qg6+ Kf8 16. Rd2 Qc6 17. Rhd1 Qe8 18. Qd3 Kg7 19. Qe3 Qc6 20. Qxe5 Kf7 21. f4 gxf4 22. Qxf4 Rag8 23. g3 Rg4 24. Qf2 Qb6 25. Qf3 Qc6 26. Qf1 Rc8 27. Re1 Rb4 28. Qd3 Qb6 29. b3 Qc6 30. Kb2 Rg4 31. Rde2 Rg5 32. Rxe6 Qxe6 33. Rxe6 Kxe6 34. Qe3+ Kf7 35. Ne2 Rgc5 36. c3 R8c6 37. Qxh6 Re5 38. Qd2 Rd6 39. Nd4 Rdd5 40. Qc2 Re4 41. Qf2 Rde5 42. Ka3 Ke8 43. b4 Nd5 44. Kb3 Ne3 45. Qf3 Nd5 46. Nf5 Nf6 47. Ng7+ Kf7 48. Nf5 Re1 49. Nd4 R5e3 50. Qxb7 Ne4 51. Qd5+ Kf8 52. Qf5+ Ke8 53. Qc8+ Kf7 54. Qf5+ Ke8 55. Nb5 a6 56. Qc8+ Kf7 57. Qxa6 Nd2+ 58. Ka4 Ne4 59. Qc6 Nd2 60. Qd5+ Re6 61. Qxd2 R1e2 62. Qd5 R2e5 63. Qc4 Re4 64. Qd5 Kf6 65. Nd4 R6e5 66. Qc6+ e6 67. Kb3 Re1 68. Qc7 Rb1+ 69. Kc4 Rbe1 70. Qd8+ Kf7 71. Qd7+ Kf6 72. a4 R5e3 73. Qd8+ Kf7 74. Qd7+ Kf6 75. a5 Rc1 76. Qd8+ Kf7 77. Nb5 Re4+ 78. Kc5 Re5+ 79. Kb6 Rd5 80. Qc7+ Kf6 81. Qf4+ Ke7 82. Qxc1 1-0

[Event "Titled Tuesday intern op 25th Jan"]
[Site "Chess.com INT"]
[Date "2022.01.25"]
[Round "2"]
[White "Xie, Bryan"]
[Black "Zhigalko, Sergei"]
[Result "0-1"]
[WhiteElo "2128"]
[BlackElo "2572"]
[PlyCount "140"]
[EventDate "2022.01.25"]
[EventType "swiss (blitz)"]
[EventRounds "11"]
[EventCountry "USA"]
[SourceTitle "CBM 206 Extra"]
[Source "ChessBase"]
[SourceDate "2022.03.31"]
[SourceVersion "1"]
[SourceVersionDate "2022.03.31"]
[SourceQuality "1"]

1. d4 Nf6 2. Nf3 e6 3. Bf4 b6 4. e3 Bb7 5. Nbd2 Nh5 6. Bg5 Be7 7. Bxe7 Qxe7 8. Bd3 f5 9. Qe2 O-O 10. O-O-O c5 11. Kb1 Nc6 12. c3 Nf6 13. Nc4 Ne4 14. Nce5 Nxe5 15. dxe5 d5 16. exd6 Nxd6 17. Rhg1 Rad8 18. Ne5 Nf7 19. Nxf7 Rxf7 20. Bc4 Rff8 21. f3 Bd5 22. e4 fxe4 23. fxe4 Bxc4 24. Qxc4 h6 25. Qb3 Kh7 26. Rxd8 Rxd8 27. Rd1 Rf8 28. Qc2 Qg5 29. Qd2 Qe5 30. Re1 Qxh2 31. Qd7 Qh4 32. Re2 Qf6 33. Qd3 Rd8 34. Qe3 Qf1+ 35. Re1 Qxg2 36. e5 Qg6+ 37. Ka1 Qd3 38. Qc1 Qd2 39. Qb1+ Qd3 40. Qc1 Rd5 41. a3 Qd2 42. Qb1+ Qd3 43. Qc1 b5 44. Ka2 b4 45. axb4 cxb4 46. cxb4 Qa6+ 47. Kb1 Qd3+ 48. Qc2 g5 49. Qxd3+ Rxd3 50. Kc2 Rd5 51. Kc3 Kg6 52. Kc4 g4 53. b5 h5 54. Ra1 Rd7 55. Ra6 Kf5 56. Kc5 g3 57. Kc6 Rg7 58. Ra1 h4 59. Rf1+ Kxe5 60. b6 axb6 61. Kxb6 g2 62. Rg1 h3 63. Re1+ Kf4 64. Rxe6 g1=Q+ 65. Ka6 Rg6 66. Rxg6 Qxg6+ 67. Kb5 h2 68. Ka4 h1=Q 69. b4 Qhc6+ 70. Ka5 Qa6# 0-1

[Event "Titled Tuesday intern op 01st Feb-A"]
[Site "Chess.com INT"]
[Date "2022.02.01"]
[Round "3"]
[White "Doshi, Moksh Amitbhai"]
[Black "Zhigalko, Sergei"]
[Result "0-1"]
[WhiteElo "2368"]
[BlackElo "2572"]
[PlyCount "106"]
[EventDate "2022.02.01"]
[EventType "swiss (blitz)"]
[EventRounds "11"]
[EventCountry "USA"]
[SourceTitle "CBM 206 Extra"]
[Source "ChessBase"]
[SourceDate "2022.03.31"]
[SourceVersion "1"]
[SourceVersionDate "2022.03.31"]
[SourceQuality "1"]

1. d4 Nf6 2. c4 e6 3. Nf3 b6 4. g3 Ba6 5. b3 Bb4+ 6. Bd2 Be7 7. Nc3 O-O 8. Bg2 c6 9. O-O d5 10. Ne5 Nfd7 11. cxd5 Nxe5 12. dxe5 cxd5 13. Rc1 Nd7 14. f4 Rc8 15. Re1 Ba3 16. Rb1 Qe7 17. Bf1 Rfd8 18. e4 Bxf1 19. Rxf1 Bb4 20. Rc1 Bxc3 21. Bxc3 dxe4 22. Qe2 Nc5 23. Bb4 Rd4 24. Bxc5 Rxc5 25. Rcd1 Qd7 26. Rxd4 Qxd4+ 27. Kh1 Rd5 28. Re1 g6 29. Qxe4 Qxe4+ 30. Rxe4 Rd1+ 31. Kg2 Rd2+ 32. Kf3 Rxa2 33. Re3 Rxh2 34. Rd3 h5 35. Rd7 Rb2 36. Rxa7 Rxb3+ 37. Kg2 Kg7 38. Rb7 Rb2+ 39. Kh3 Rb1 40. Rb8 b5 41. Rb7 b4 42. Kh2 b3 43. Rb8 b2 44. Kg2 g5 45. fxg5 Kg6 46. Rb7 Kxg5 47. Kh2 Kf5 48. Rxf7+ Kxe5 49. Rb7 Kd6 50. Rb8 e5 51. Kg2 e4 52. Rb3 Kd5 53. Rb8 e3 0-1

[Event "Titled Tuesday intern op 01st Feb-B"]
[Site "Chess.com INT"]
[Date "2022.02.02"]
[Round "1"]
[White "Sanchez Gonzalez, Sergio"]
[Black "Zhigalko, Sergei"]
[Result "0-1"]
[WhiteElo "2287"]
[BlackElo "2572"]
[PlyCount "66"]
[EventDate "2022.02.02"]
[EventType "swiss (blitz)"]
[EventRounds "11"]
[EventCountry "USA"]
[SourceTitle "CBM 206 Extra"]
[Source "ChessBase"]
[SourceDate "2022.03.31"]
[SourceVersion "1"]
[SourceVersionDate "2022.03.31"]
[SourceQuality "1"]

1. c4 e5 2. Nc3 Nf6 3. Nf3 Nc6 4. e3 Bb4 5. Qc2 d6 6. a3 Bxc3 7. Qxc3 a5 8. d3 O-O 9. b3 Bg4 10. Be2 e4 11. dxe4 Nxe4 12. Qc2 Re8 13. Bb2 Bf5 14. Bd3 Bg6 15. h4 h5 16. Ng5 Nxg5 17. Bxg6 fxg6 18. Qxg6 Ne6 19. Rh3 Qe7 20. O-O-O Qf7 21. Qc2 Ne5 22. Rg3 Ng4 23. Rd2 Nc5 24. Rd4 Ne6 25. Rd2 Rf8 26. Qe4 Nc5 27. Qd4 Nxb3+ 28. Kc2 Nxd4+ 29. Bxd4 Qxc4+ 30. Bc3 Rf7 31. f3 Nxe3+ 32. Kb2 Nf1 33. Rd4 Qb5+ 0-1

[Event "Titled Tuesday intern op 22 Mar Early"]
[Site "Chess.com INT"]
[Date "2022.03.22"]
[Round "1"]
[White "Zhigalko, Sergei"]
[Black "Perera Alfonso, Rene Humberto"]
[Result "1-0"]
[WhiteElo "2572"]
[BlackElo "2354"]
[PlyCount "59"]
[EventDate "2022.03.22"]
[EventType "swiss (blitz)"]
[EventRounds "11"]
[EventCountry "USA"]
[SourceTitle "CBM 207 Extra"]
[Source "ChessBase"]
[SourceDate "2022.05.31"]
[SourceVersion "1"]
[SourceVersionDate "2022.05.31"]
[SourceQuality "1"]

1. e4 c5 2. Nf3 d6 3. d4 cxd4 4. Qxd4 Nc6 5. Bb5 Qd7 6. Qd3 g6 7. e5 dxe5 8. Nxe5 Qxd3 9. cxd3 Bd7 10. Nxd7 Kxd7 11. Nc3 Bg7 12. Bf4 e5 13. Be3 Nge7 14. Ne4 a6 15. Bc4 f5 16. Nc5+ Kc8 17. Rc1 Bf6 18. Be6+ Kc7 19. Nd7 Bg7 20. Bc5 Rad8 21. Bb6+ Kd6 22. Bxd8 Rxd8 23. Nc5 b6 24. Nb7+ Kxe6 25. Nxd8+ Nxd8 26. Rc7 Ndc6 27. O-O Kd6 28. Rb7 b5 29. Rc1 b4 30. Rxc6+ 1-0

[Event "Titled Tuesday intern op 05th Apr Early"]
[Site "Chess.com INT"]
[Date "2022.04.05"]
[Round "3"]
[White "Zhigalko, Sergei"]
[Black "Gunina, Valentina"]
[Result "1-0"]
[WhiteElo "2572"]
[BlackElo "2471"]
[PlyCount "95"]
[EventDate "2022.04.05"]
[EventType "swiss (blitz)"]
[EventRounds "11"]
[EventCountry "USA"]
[SourceTitle "CBM 207 Extra"]
[Source "ChessBase"]
[SourceDate "2022.05.31"]
[SourceVersion "1"]
[SourceVersionDate "2022.05.31"]
[SourceQuality "1"]

1. e4 c6 2. d4 d5 3. e5 c5 4. Nf3 cxd4 5. Qxd4 Nc6 6. Qf4 e6 7. Bd3 Qc7 8. O-O Nge7 9. Re1 Ng6 10. Qg3 Nb4 11. Nc3 Nxd3 12. cxd3 Bd7 13. h4 a6 14. Be3 Bc5 15. Rac1 Bxe3 16. Nxd5 Qxc1 17. Rxc1 Bxc1 18. Nc7+ Ke7 19. Nxa8 Rxa8 20. h5 Nf4 21. Qxg7 Nxh5 22. Qxh7 Bc6 23. Qxh5 Rg8 24. Qh4+ Ke8 25. Kf1 Bxb2 26. Qb4 Bc1 27. Qc5 Bh6 28. Qd6 Bf8 29. Qb8+ Kd7 30. Qa7 Be7 31. Qd4+ Ke8 32. Qe3 Bd5 33. g3 Bxa2 34. Nd2 Bd5 35. Ne4 Rh8 36. Nf6+ Bxf6 37. exf6 Kd7 38. Qc5 Re8 39. g4 Bc6 40. g5 e5 41. Ke2 Ke6 42. Ke3 Kf5 43. f4 Re6 44. d4 b6 45. Qc2+ e4 46. Qg2 Bd5 47. Qh3+ Kg6 48. f5+ 1-0

[Event "Titled Tuesday intern op 05th Apr Early"]
[Site "Chess.com INT"]
[Date "2022.04.05"]
[Round "4"]
[White "Zhigalko, Sergei"]
[Black "Andreikin, Dmitry"]
[Result "1/2-1/2"]
[WhiteElo "2572"]
[BlackElo "2729"]
[PlyCount "167"]
[EventDate "2022.04.05"]
[EventType "swiss (blitz)"]
[EventRounds "11"]
[EventCountry "USA"]
[SourceTitle "CBM 207 Extra"]
[Source "ChessBase"]
[SourceDate "2022.05.31"]
[SourceVersion "1"]
[SourceVersionDate "2022.05.31"]
[SourceQuality "1"]

1. e4 c5 2. Nf3 e6 3. c3 d5 4. exd5 exd5 5. d4 Nc6 6. Bb5 Bd6 7. O-O Nf6 8. Re1+ Be6 9. dxc5 Bxc5 10. Be3 Bxe3 11. Rxe3 O-O 12. Bxc6 bxc6 13. Nbd2 c5 14. Qa4 Qb6 15. b4 d4 16. bxc5 Qb2 17. Ree1 dxc3 18. Nc4 Qb7 19. Rac1 Qd5 20. Rxc3 Qxc5 21. Rc2 Nd5 22. Ne3 Qb4 23. Rc4 Qxa4 24. Rxa4 Nc3 25. Ra5 Nxa2 26. Ra1 Rfb8 27. Nd4 Nc3 28. Nxe6 fxe6 29. g3 Rb7 30. Kg2 Ne4 31. h4 Rb2 32. R1a2 Rxa2 33. Rxa2 a5 34. Nc4 a4 35. Nb6 Nc3 36. Ra3 Ra6 37. Rxc3 Rxb6 38. Rc8+ Kf7 39. Ra8 Rb4 40. Kf3 h5 41. Kg2 g6 42. Ra7+ Kf6 43. Ra6 Ke5 44. Ra5+ Kd4 45. Ra6 Kd5 46. Kf3 Rb3+ 47. Kf4 Rb4+ 48. Kg5 Rg4+ 49. Kf6 Kc5 50. Kxe6 Kb4 51. Rb6+ Kc3 52. Ra6 Kb3 53. Rb6+ Rb4 54. Rd6 a3 55. Rd1 a2 56. Kf6 Kc2 57. Re1 Rb6+ 58. Kg5 Kb2 59. Re2+ Ka3 60. Re3+ Rb3 61. Re1 Rb1 62. Re8 a1=Q 63. Ra8+ Kb4 64. Rxa1 Rxa1 65. Kxg6 Kc5 66. Kxh5 Kd6 67. Kg6 Ke7 68. Kg7 Rf1 69. h5 Rxf2 70. h6 Rg2 71. h7 Rxg3+ 72. Kh8 Rf3 73. Kg7 Rg3+ 74. Kh8 Rh3 75. Kg7 Rh1 76. Kg8 Rg1+ 77. Kh8 Rf1 78. Kg7 Rf7+ 79. Kg8 Rf8+ 80. Kg7 Rf1 81. Kg8 Rf7 82. h8=Q Rf8+ 83. Kg7 Rxh8 84. Kxh8 1/2-1/2

[Event "Titled Tuesday intern op 05th Apr Early"]
[Site "Chess.com INT"]
[Date "2022.04.05"]
[Round "5"]
[White "Darini, Pouria"]
[Black "Zhigalko, Sergei"]
[Result "1/2-1/2"]
[WhiteElo "2428"]
[BlackElo "2572"]
[PlyCount "130"]
[EventDate "2022.04.05"]
[EventType "swiss (blitz)"]
[EventRounds "11"]
[EventCountry "USA"]
[SourceTitle "CBM 207 Extra"]
[Source "ChessBase"]
[SourceDate "2022.05.31"]
[SourceVersion "1"]
[SourceVersionDate "2022.05.31"]
[SourceQuality "1"]

1. e4 c5 2. Nf3 Nc6 3. Bb5 Nf6 4. Nc3 Qc7 5. O-O Nd4 6. Re1 a6 7. Bf1 Ng4 8. g3 Nxf3+ 9. Qxf3 Ne5 10. Qe2 e6 11. Nd1 b5 12. Bg2 Bb7 13. d3 Be7 14. h4 O-O 15. h5 h6 16. Bf4 d6 17. Ne3 b4 18. a3 a5 19. Nc4 Bf6 20. Bxe5 Bxe5 21. Nxe5 dxe5 22. a4 Rad8 23. b3 Qd6 24. Qe3 Qd4 25. Rad1 Rd7 26. Qxd4 cxd4 27. Rd2 Rc8 28. Bf3 Rc5 29. Bg4 Rdc7 30. Ree2 Kf8 31. Kh2 Ke7 32. Bh3 Kd6 33. Kg1 Bc6 34. Kf1 Be8 35. Bg4 f6 36. Ke1 Bf7 37. Kd1 Bg8 38. Re1 Bh7 39. f4 Bg8 40. Rf2 Bf7 41. Rh1 Ke7 42. Rhf1 exf4 43. gxf4 Bxh5 44. Rg1 Bxg4+ 45. Rxg4 g5 46. Rh2 h5 47. Rxh5 Rxc2 48. Rh7+ Kd6 49. Rxc7 Rxc7 50. fxg5 fxg5 51. Rxg5 Rc3 52. Kd2 e5 53. Rg6+ Kd7 54. Rg7+ Kd6 55. Ra7 Rxb3 56. Ra6+ Kd7 57. Rxa5 Kd6 58. Rd5+ Ke6 59. Rb5 Kd6 60. Ke2 Rb2+ 61. Kd1 b3 62. Rd5+ Ke6 63. Rb5 Kd6 64. Kc1 Rc2+ 65. Kd1 Rb2 1/2-1/2

[Event "Titled Tuesday intern op 05th Apr Early"]
[Site "Chess.com INT"]
[Date "2022.04.05"]
[Round "6"]
[White "Zhigalko, Sergei"]
[Black "Shyam, Nikil P"]
[Result "1/2-1/2"]
[WhiteElo "2572"]
[BlackElo "2441"]
[PlyCount "112"]
[EventDate "2022.04.05"]
[EventType "swiss (blitz)"]
[EventRounds "11"]
[EventCountry "USA"]
[SourceTitle "CBM 207 Extra"]
[Source "ChessBase"]
[SourceDate "2022.05.31"]
[SourceVersion "1"]
[SourceVersionDate "2022.05.31"]
[SourceQuality "1"]

1. e4 e5 2. Nf3 Nc6 3. Bc4 Nf6 4. d3 h6 5. O-O d6 6. c3 Be7 7. Nbd2 O-O 8. Bb3 Nh7 9. Re1 Kh8 10. d4 Ng5 11. h3 Bf6 12. Nxg5 Bxg5 13. Nf3 Bxc1 14. Rxc1 Qe7 15. Bd5 Nd8 16. Qd2 Kh7 17. Rcd1 g6 18. Qe3 a5 19. a3 f6 20. Rd2 Nf7 21. Nh2 Ng5 22. Kh1 Ne6 23. Bxe6 Bxe6 24. f4 exf4 25. Qxf4 Rae8 26. Nf3 Bc8 27. Rde2 b6 28. Qg3 Qf7 29. Qh4 Ba6 30. Re3 Qg7 31. e5 fxe5 32. dxe5 dxe5 33. Nxe5 Rf1+ 34. Rxf1 Bxf1 35. Qe1 Bb5 36. Ng4 Rxe3 37. Qxe3 h5 38. Ne5 Qe7 39. Kg1 Be8 40. Kf2 Kg7 41. Nf3 Qxe3+ 42. Kxe3 Bc6 43. g3 Kf6 44. Nd4 Bd7 45. h4 g5 46. Nf3 gxh4 47. Nxh4 Kg5 48. b4 Kg4 49. Kf2 axb4 50. axb4 Bc6 51. Ng2 Bxg2 52. Kxg2 b5 53. Kf2 Kg5 54. Kg2 Kg4 55. Kf2 Kg5 56. Kg2 Kg4 1/2-1/2

[Event "Titled Tuesday intern op 05th Apr Early"]
[Site "Chess.com INT"]
[Date "2022.04.05"]
[Round "7"]
[White "Kucuksari, Kaan"]
[Black "Zhigalko, Sergei"]
[Result "0-1"]
[WhiteElo "2372"]
[BlackElo "2572"]
[PlyCount "58"]
[EventDate "2022.04.05"]
[EventType "swiss (blitz)"]
[EventRounds "11"]
[EventCountry "USA"]
[SourceTitle "CBM 207 Extra"]
[Source "ChessBase"]
[SourceDate "2022.05.31"]
[SourceVersion "1"]
[SourceVersionDate "2022.05.31"]
[SourceQuality "1"]

1. d4 Nf6 2. c4 e6 3. g3 c5 4. d5 exd5 5. cxd5 d6 6. Nc3 g6 7. Nf3 Bg7 8. Bg2 O-O 9. O-O Re8 10. Bf4 a6 11. a4 Nh5 12. Bg5 Qc7 13. Qd2 Nd7 14. Rfc1 b6 15. Rab1 Qb8 16. b4 Bb7 17. bxc5 bxc5 18. Bh3 Qc7 19. Bh6 Bh8 20. Ng5 Ne5 21. Nce4 Bc8 22. f4 Bxh3 23. fxe5 Rxe5 24. Nxc5 dxc5 25. Nxh3 Rae8 26. Nf4 Qd7 27. Nxh5 Rxe2 28. Qg5 Qh3 29. Nf4 Qxh2+ 0-1

[Event "Titled Tuesday intern op 05th Apr Early"]
[Site "Chess.com INT"]
[Date "2022.04.05"]
[Round "8"]
[White "Dobrov, Vladimir"]
[Black "Zhigalko, Sergei"]
[Result "1/2-1/2"]
[WhiteElo "2478"]
[BlackElo "2572"]
[PlyCount "91"]
[EventDate "2022.04.05"]
[EventType "swiss (blitz)"]
[EventRounds "11"]
[EventCountry "USA"]
[SourceTitle "CBM 207 Extra"]
[Source "ChessBase"]
[SourceDate "2022.05.31"]
[SourceVersion "1"]
[SourceVersionDate "2022.05.31"]
[SourceQuality "1"]

1. d4 Nf6 2. c4 e6 3. Nf3 b6 4. Nc3 Bb4 5. Qc2 Bb7 6. a3 Bxc3+ 7. Qxc3 O-O 8. e3 Ne4 9. Qc2 f5 10. Be2 d6 11. O-O Nd7 12. b4 Rf6 13. d5 c5 14. dxc6 Bxc6 15. Nd4 Bb7 16. f3 Rg6 17. Nxe6 Rxe6 18. fxe4 Bxe4 19. Bd3 Qg5 20. Rf4 Rae8 21. Bb2 Nf6 22. Raf1 Ng4 23. Bd4 Nxe3 24. Bxe3 Bxd3 25. Qxd3 Rxe3 26. Qd5+ R3e6 27. h4 Qg3 28. Qxf5 h6 29. Qd5 Kh7 30. Qf5+ Kh8 31. Qg4 Qxg4 32. Rxg4 Re4 33. Rxe4 Rxe4 34. Rf7 Rxh4 35. Rxa7 Rxc4 36. Rb7 Rc3 37. Rxb6 Rxa3 38. Rxd6 Rb3 39. Rb6 Rb2 40. Kh2 Kh7 41. Kg3 h5 42. Kh4 g6 43. g4 hxg4 44. Kxg4 Kg7 45. Kf4 Kh6 46. Kg4 1/2-1/2

[Event "Titled Tuesday intern op 05th Apr Early"]
[Site "Chess.com INT"]
[Date "2022.04.05"]
[Round "9"]
[White "Zhigalko, Sergei"]
[Black "Le, Tuan Minh"]
[Result "0-1"]
[WhiteElo "2572"]
[BlackElo "2514"]
[PlyCount "98"]
[EventDate "2022.04.05"]
[EventType "swiss (blitz)"]
[EventRounds "11"]
[EventCountry "USA"]
[SourceTitle "CBM 207 Extra"]
[Source "ChessBase"]
[SourceDate "2022.05.31"]
[SourceVersion "1"]
[SourceVersionDate "2022.05.31"]
[SourceQuality "1"]

1. e4 g6 2. d4 Bg7 3. Nc3 d6 4. Nf3 a6 5. Be3 e6 6. Bd3 Ne7 7. O-O O-O 8. Qd2 b5 9. a4 b4 10. Ne2 a5 11. c3 bxc3 12. bxc3 Ba6 13. Bxa6 Nxa6 14. Bh6 Qd7 15. Ng3 Rfb8 16. Bxg7 Kxg7 17. Qg5 Ng8 18. e5 Qe7 19. Nh5+ Kh8 20. Nf6 dxe5 21. dxe5 Nc5 22. Rfd1 h6 23. Qf4 Kg7 24. Nxg8 Rxg8 25. Nd4 Qg5 26. Qxg5 hxg5 27. Nf3 g4 28. Ng5 Rgd8 29. Kf1 f6 30. exf6+ Kxf6 31. h4 gxh3 32. Nxh3 Rxd1+ 33. Rxd1 Nxa4 34. Rc1 Nc5 35. Ra1 a4 36. Nf4 a3 37. Ra2 Ke5 38. g3 g5 39. Ne2 Kd5 40. Ke1 Kc4 41. Kd2 Ne4+ 42. Ke3 Nxc3 43. Rc2 a2 44. Rxc3+ Kb4 45. Rxc7 a1=Q 46. Rb7+ Kc5 47. Rc7+ Kd6 48. Rc1 Qe5+ 49. Kf3 Rf8+ 0-1

[Event "Titled Tuesday intern op 05th Apr Early"]
[Site "Chess.com INT"]
[Date "2022.04.05"]
[Round "10"]
[White "Atakhan, Abtin"]
[Black "Zhigalko, Sergei"]
[Result "1-0"]
[WhiteElo "2358"]
[BlackElo "2572"]
[PlyCount "73"]
[EventDate "2022.04.05"]
[EventType "swiss (blitz)"]
[EventRounds "11"]
[EventCountry "USA"]
[SourceTitle "CBM 207 Extra"]
[Source "ChessBase"]
[SourceDate "2022.05.31"]
[SourceVersion "1"]
[SourceVersionDate "2022.05.31"]
[SourceQuality "1"]

1. c4 e5 2. g3 Nf6 3. Bg2 c6 4. Nf3 d6 5. Nc3 Be7 6. d3 O-O 7. O-O h6 8. b4 Be6 9. Bb2 Nbd7 10. b5 d5 11. Nd2 Rc8 12. bxc6 bxc6 13. Rb1 Bd6 14. a4 Re8 15. cxd5 cxd5 16. Nb5 Bb8 17. Ba3 Nc5 18. d4 exd4 19. Nxd4 Bd6 20. Nb5 Bb8 21. Nf3 Qa5 22. Bxc5 Rxc5 23. Nfd4 Bd7 24. Nb3 Qb6 25. Nxc5 Qxc5 26. Qd4 Qe7 27. e3 a6 28. Nc3 Be6 29. Nxd5 Nxd5 30. Bxd5 Rd8 31. Qe4 Bxg3 32. Bxe6 Bxh2+ 33. Kxh2 fxe6 34. Rg1 Qf6 35. Rg2 Rd5 36. Qg6 Qe5+ 37. f4 1-0

[Event "Titled Tuesday intern op 26th Apr Late"]
[Site "Chess.com INT"]
[Date "2022.04.26"]
[Round "9"]
[White "Moiseenko, Alexander"]
[Black "Zhigalko, Sergei"]
[Result "0-1"]
[WhiteElo "2602"]
[BlackElo "2572"]
[PlyCount "106"]
[EventDate "2022.04.26"]
[EventType "swiss (blitz)"]
[EventRounds "11"]
[EventCountry "USA"]
[SourceTitle "CBM 208 Extra"]
[Source "ChessBase"]
[SourceDate "2022.07.31"]
[SourceVersion "1"]
[SourceVersionDate "2022.07.31"]
[SourceQuality "1"]

1. d4 Nf6 2. Bg5 d5 3. e3 Nbd7 4. c4 Ne4 5. Bh4 c6 6. Nc3 Qa5 7. Nge2 g5 8. Bg3 Bg7 9. a3 dxc4 10. f3 Nxg3 11. Nxg3 h5 12. Bxc4 h4 13. b4 Qc7 14. Nf5 Bf8 15. Qb3 e6 16. Bxe6 Nc5 17. bxc5 Bxe6 18. Qc2 Qd7 19. g4 hxg3 20. Nxg3 O-O-O 21. Nge4 Be7 22. Rb1 Qc7 23. Nd6+ Bxd6 24. cxd6 Qxd6 25. Qb2 Qc7 26. Ne4 Bd5 27. Nxg5 Rde8 28. Ne4 Bxe4 29. fxe4 Rxe4 30. Qc3 Rxh2 31. Rxh2 Qxh2 32. Qd3 Rg4 33. Qf5+ Kc7 34. Qxg4 Qh1+ 35. Kf2 Qxb1 36. Qf4+ Kb6 37. Qxf7 Qb2+ 38. Kf3 Qxa3 39. d5 Qd6 40. e4 cxd5 41. exd5 Kc5 42. Ke4 Kb6 43. Qe6 Kc7 44. Qf7+ Qd7 45. Qf4+ Kc8 46. d6 Qe6+ 47. Kd4 Kd7 48. Kc5 b6+ 49. Kb5 Qxd6 50. Qf7+ Qe7 51. Qd5+ Ke8 52. Qg8+ Kd7 53. Qd5+ Kc7 0-1